| 000 | 00496nam a2200181Ia 4500 | ||
|---|---|---|---|
| 008 | 131103s9999 xx 000 0 und d | ||
| 020 | _cRs..340.00 | ||
| 040 | _aLoreto College | ||
| 041 | _aEnglish | ||
| 082 |
_aREF _bLCBED/11292 |
||
| 100 | _aDalal, Tarla | ||
| 245 |
_aEat your way to good health _b a complete fitness guide for your family _cTarla Dalal |
||
| 260 |
_aBombay _bHealth Pub. _c1992 |
||
| 300 |
_a224p _b ill. _c 23cm. |
||
| 650 | _aREF | ||
| 850 | _aLCBED/REF | ||
| 942 | _cBK | ||
| 999 |
_c34082 _d84561 |
||